Catholic University of Zimbabwe Library
Online Public Access Catalogue
(OPAC)

Oil Sparks in the Amazon (Record no. 24388)

MARC details
000 -LEADER
fixed length control field 04176cam a22005534a 4500
001 - CONTROL NUMBER
control field muse32052
003 - CONTROL NUMBER IDENTIFIER
control field MdBmJHUP
005 - DATE AND TIME OF LATEST TRANSACTION
control field 20210127151034.0
006 - FIXED-LENGTH DATA ELEMENTS--ADDITIONAL MATERIAL CHARACTERISTICS
fixed length control field m o d
007 - PHYSICAL DESCRIPTION FIXED FIELD--GENERAL INFORMATION
fixed length control field cr||||||||nn|n
008 - FIXED-LENGTH DATA ELEMENTS--GENERAL INFORMATION
fixed length control field 131127r20132014gau o 00 0 eng d
020 ## - INTERNATIONAL STANDARD BOOK NUMBER
International Standard Book Number 9780820346380
020 ## - INTERNATIONAL STANDARD BOOK NUMBER
International Standard Book Number 0820346381
035 ## - SYSTEM CONTROL NUMBER
System control number (OCoLC)867739539
040 ## - CATALOGING SOURCE
Original cataloging agency MdBmJHUP
Transcribing agency MdBmJHUP
043 ## - GEOGRAPHIC AREA CODE
Geographic area code s------
050 #4 - LIBRARY OF CONGRESS CALL NUMBER
Classification number HD9574.S62
Item number V37 2014
082 0# - DEWEY DECIMAL CLASSIFICATION NUMBER
Classification number 333.8/23098
Edition number 23
100 1# - MAIN ENTRY--PERSONAL NAME
Personal name Vasquez, Patricia I.,
Relator term author.
245 10 - TITLE STATEMENT
Title Oil Sparks in the Amazon
Remainder of title Local Conflicts, Indigenous Populations, and Natural Resources /
Statement of responsibility, etc. Patricia I Vasquez.
264 #1 - PRODUCTION, PUBLICATION, DISTRIBUTION, MANUFACTURE, AND COPYRIGHT NOTICE
Name of producer, publisher, distributor, manufacturer Project Muse,
264 #3 - PRODUCTION, PUBLICATION, DISTRIBUTION, MANUFACTURE, AND COPYRIGHT NOTICE
Name of producer, publisher, distributor, manufacturer Project MUSE,
300 ## - PHYSICAL DESCRIPTION
Extent 1 online resource (xix, 187 pages) :
Other physical details illustrations, maps.
490 0# - SERIES STATEMENT
Series statement Studies in security and international affairs
500 ## - GENERAL NOTE
General note Issued as part of book collections on Project MUSE.
504 ## - BIBLIOGRAPHY, ETC. NOTE
Bibliography, etc. note Includes bibliographical references (pages [151]-167) and index.
505 0# - FORMATTED CONTENTS NOTE
Formatted contents note List of illustrations -- Preface -- Introduction -- Tracing oil- and gas- related conflicts -- Indigenous peoples and natural resource development -- Structural causes of local conflicts -- Transient triggers of local conflicts -- Conclusion -- Notes -- Bibliography -- Index.
506 0# - RESTRICTIONS ON ACCESS NOTE
Terms governing access Open Access
Standardized terminology for access restriction Unrestricted online access
Source of term star
520 ## - SUMMARY, ETC.
Summary, etc. For decades, studies of oil-related conflicts have focused on the effects of natural resource mismanagement, resulting in great economic booms and busts or violence as rebels fight ruling governments over their regions' hydrocarbon resources. In Oil Sparks in the Amazon, Patricia I. Vasquez writes that while oil busts and civil wars are common, the tension over oil in the Amazon has played out differently, in a way inextricable from the region itself. Oil disputes in the Amazon primarily involve local indigenous populations. These groups' social and cultural identities differ from the rest of the population, and the diverse disputes over land, displacement, water contamination, jobs, and wealth distribution reflect those differences. Vasquez spent fifteen years traveling to the oil producing regions of Latin America, conducting hundreds of interviews with the stakeholders in local conflicts. She analyzes fifty-five social and environmental clashes related to oil and gas extraction in the Andean countries (Peru, Ecuador, and Colombia). She also examines what triggers local hydrocarbons disputes and offers policy recommendations to resolve or prevent them. Vasquez argues that each case should be analyzed with attention to its specific sociopolitical and economic context. She shows how the key to preventing disputes that lead to local conflicts is to address structural flaws (such as poor governance and inadequate legal systems) and nonstructural flaws (such as stakeholders' attitudes and behavior) at the outset. Doing this will require more than strong political commitments to ensure the equitable distribution of oil and gas revenues. It will require attention to the local values and culture as well.
588 ## - SOURCE OF DESCRIPTION NOTE
Source of description note Description based on print version record.
650 #0 - SUBJECT ADDED ENTRY--TOPICAL TERM
Topical term or geographic name entry element Social conflict
Geographic subdivision South America.
650 #0 - SUBJECT ADDED ENTRY--TOPICAL TERM
Topical term or geographic name entry element Indians of South America
General subdivision Social conditions.
650 #0 - SUBJECT ADDED ENTRY--TOPICAL TERM
Topical term or geographic name entry element Petroleum industry and trade
General subdivision Environmental aspects
Geographic subdivision South America.
650 #0 - SUBJECT ADDED ENTRY--TOPICAL TERM
Topical term or geographic name entry element Petroleum industry and trade
General subdivision Social aspects
Geographic subdivision South America.
655 #0 - INDEX TERM--GENRE/FORM
Genre/form data or focus term Electronic books.
655 #7 - INDEX TERM--GENRE/FORM
Genre/form data or focus term Electronic books.
Source of term local
710 2# - ADDED ENTRY--CORPORATE NAME
Corporate name or jurisdiction name as entry element Project Muse,
Relator term distributor.
776 18 - ADDITIONAL PHYSICAL FORM ENTRY
Relationship information Print version:
Record control number (DLC) 2013014541
International Standard Book Number 082034561
-- 9780820345611
-- 0820345628
-- 9780820345628
710 2# - ADDED ENTRY--CORPORATE NAME
Corporate name or jurisdiction name as entry element Project Muse.
Relator term distributor
830 #0 - SERIES ADDED ENTRY--UNIFORM TITLE
Uniform title Studies in security and international affairs.
830 #0 - SERIES ADDED ENTRY--UNIFORM TITLE
Uniform title Book collections on Project MUSE.
856 40 - ELECTRONIC LOCATION AND ACCESS
Public note Full text available:
Uniform Resource Identifier <a href="https://muse.jhu.edu/book/26926/">https://muse.jhu.edu/book/26926/</a>
945 ## - LOCAL PROCESSING INFORMATION (OCLC)
a Project MUSE - 2013 Complete
945 ## - LOCAL PROCESSING INFORMATION (OCLC)
a Project MUSE - 2013 Political Science and Policy Studies
Holdings
Withdrawn status Lost status Source of classification or shelving scheme Damaged status Not for loan Home library Current library Shelving location Date acquired Total Checkouts Full call number Date last seen Uniform Resource Identifier Price effective from Koha item type
          Digital Library Digital Library Online Access 27.01.2021   HD9574.S62 V37 2014 27.01.2021 https://muse.jhu.edu/book/26926/ 27.01.2021 eBook

OPENING HOURS

Weekdays: 0815hrs - 1800hrs
Weekends:0900hrs - 1200hrs

Closed for Mass:

Mon, Thur: 1200hrs - 1300hrs
Sunday & Public Holiday’s

CALL SUPPORT

0242-570570, 0242-570169
09200664, +263 8644140602

LOCATION

18443, Cranborne Avenue, Hatfield, Harare

Other Links


©2021 | CUZ Library